MARC

LEADER 00000nam0a2200000 4500
001 306208
005 20231102001855.0
020 |a RU  |b 83-33620 
035 |a (RuTPU)RU\TPU\book\331485 
090 |a 306208 
100 |a 20151005d1983 km y0rusy5003 ca 
101 0 |a rus 
102 |a BY 
105 |a y z 001zy 
200 1 |a Системы алгебраических уравнений  |f Г. М. Гусак 
210 |a Минск  |c Вышэйшая школа  |d 1983 
215 |a 222 с. 
320 |a Библиогр.: с. 220 
606 1 |a Алгебраические уравнения  |2 stltpush  |3 (RuTPU)RU\TPU\subj\1743  |9 30443 
610 1 |a матрицы 
610 1 |a определители 
610 1 |a системы уравнений 
610 1 |a линейные пространства 
610 1 |a приближенные решения 
610 1 |a история 
675 |a 512.644  |v 3 
700 1 |a Гусак  |b Г. М.  |g Галина Максимовна 
801 0 |a RU  |b RuMRKP  |c 19950704  |g psbo 
801 1 |a RU  |b 63413507  |c 20151005 
801 2 |a RU  |b 63413507  |c 20190524  |g RCR 
942 |c BK